The Virginians / (Record no. 21670)
[ view plain ]
| 000 -LEADER | |
|---|---|
| fixed length control field | 01154cam a22003012 4500 |
| 001 - CONTROL NUMBER | |
| control field | 21670 |
| 003 - CONTROL NUMBER IDENTIFIER | |
| rucl marc code | BD-RjUL |
| 005 - DATE AND TIME OF LATEST TRANSACTION | |
| control field | 20211209000720.0 |
| 008 - FIXED-LENGTH DATA ELEMENTS--GENERAL INFORMATION | |
| fixed length control field | 140305r19651961enk 000 1 eng d |
| 035 ## - SYSTEM CONTROL NUMBER | |
| System control number | OCLC ocm01343631 from D970121M |
| -- | (BD-RjUL)21735 |
| 040 ## - CATALOGING SOURCE | |
| Original cataloging agency | FGM |
| Transcribing agency | FGM |
| Modifying agency | OCL |
| -- | EQO |
| -- | BD-RjUL |
| Language of cataloging | eng |
| 041 ## - LANGUAGE CODE | |
| Language code of text/sound track or separate title | eng |
| 082 ## - DEWEY DECIMAL CLASSIFICATION NUMBER | |
| Classification number | 823 |
| Author mark and year | THV 1965 |
| 090 ## - LOCALLY ASSIGNED LC-TYPE CALL NUMBER (OCLC); LOCAL CALL NUMBER (OCLC) | |
| Classification number (OCLC) (R) ; Classification number, CALL (RLIN) (NR) | AC1. |
| Local cutter number (OCLC) ; Book number/undivided call number, CALL (RLIN) | E8 no. 507-508 |
| 100 1# - MAIN ENTRY--PERSONAL NAME | |
| Personal name | Thackeray, William Makepeace, |
| Dates associated with a name | 1811-1863. |
| 9 (RLIN) | 66927 |
| 245 14 - TITLE STATEMENT | |
| Title | The Virginians / |
| Statement of responsibility, etc. | W. M. Thackeray ... |
| Number of part/section of a work | VOLUME ONE |
| 260 ## - PUBLICATION, DISTRIBUTION, ETC. (IMPRINT) | |
| Place of publication, distribution, etc. | New York : |
| -- | London : |
| Name of publisher, distributor, etc. | J.M. Dent & sons, |
| Date of publication, distribution, etc. | 1961 [reprinted 1965] |
| 300 ## - PHYSICAL DESCRIPTION | |
| Pagination | 1 v. (xii,402 p.) : |
| Size | 18 cm. |
| 490 1# - SERIES STATEMENT | |
| Series statement | Everyman's library. Fiction ; |
| Volume/sequential designation | [no. 507-508] |
| 500 ## - GENERAL NOTE | |
| General note | "First issue of this edition, 19ll; reprinted ... 1961" |
| 504 ## - BIBLIOGRAPHY, ETC. NOTE | |
| Bibliography, etc | Bibliography: p. xi-xii. |
| 651 #0 - SUBJECT ADDED ENTRY--GEOGRAPHIC NAME | |
| Geographic name | Great Britain |
| General subdivision | History |
| Chronological subdivision | George II, 1727-1760 |
| General subdivision | Fiction. |
| 9 (RLIN) | 63635 |
| Geographic name | United States |
| General subdivision | History |
| Chronological subdivision | French and Indian War, 1754-1763 |
| Form subdivision | Fiction. |
| 9 (RLIN) | 51518 |
| Geographic name | United States |
| General subdivision | History |
| Chronological subdivision | Revolution, 1775-1783 |
| Form subdivision | Fiction. |
| 9 (RLIN) | 63636 |
| 830 #0 - SERIES ADDED ENTRY--UNIFORM TITLE | |
| Volume number/sequential designation | [no. 507-508] |
| Uniform title | Everyman's library. |
| 942 ## - ADDED ENTRY ELEMENTS (KOHA) | |
| Source of classification or shelving scheme | Dewey Decimal Classification |
| Koha item type | Books |
| Lost status | Source of classification or shelving scheme | Damaged status | Not for loan | Collection code | Permanent Location | Current Location | Shelving location | Date acquired | Source of acquisition | Cost, normal purchase price | Total Checkouts | Full call number | Date last seen | Copy number | Koha item type |
|---|---|---|---|---|---|---|---|---|---|---|---|---|---|---|---|
| Dewey Decimal Classification | Added to bundle | Fiction | Central Library, University of Rajshahi | Central Library, University of Rajshahi | Reading Room | 29/10/1968 | Zeitlinger | 13.60 | 823 THV 1965 V-1 | 05/03/2014 | C-1 | Books |